| 000 | 00837nas a2200277 4500 | ||
|---|---|---|---|
| 001 | BR0402274 | ||
| 003 | BR-BrBNA | ||
| 005 | 20231205104523.0 | ||
| 007 | ta | ||
| 008 | 230509b bl.|||p| |||| 00| 00por d | ||
| 040 |
_aBR-BrBNA _bpor _cBiblioteca Nacional de Agricultura |
||
| 041 | _a(Pt) | ||
| 072 | _aF01; E16 | ||
| 100 | 1 | _aKreuz, C.L. | |
| 100 | 1 | _aPetri, J.L. | |
| 245 | 1 | _aAmpliação de receitas na cultura da macieira com o uso do retain (Aminoethoxivinilglicine) | |
| 650 | _aMAÇÃ | ||
| 650 | _aPRODUTO QUÍMICO | ||
| 650 | _aLUCRO | ||
| 650 | _aMALUS DOMESTICA | ||
| 650 | _aREGULADOR DE CRESCIMENTO | ||
| 650 | _aRENTABILIDADE | ||
| 773 | 0 |
_tAgropecuária Catarinense (Brazil) _xISSN 0103-0779 _g(Nov 2003), v. 16(3) p. 66-69 _wBR0402274 |
|
| 909 |
_a202311 _bLúcia _c55 _dLúcia Elande |
||
| 942 |
_2AGRIS _n0 _cANA |
||
| 999 |
_c178520 _d178520 |
||